| LEADER | 02395nam a2200277 4500 | ||
|---|---|---|---|
| 082 | |a 895.922134 |b X502Qu | ||
| 100 | |a Xuân Quỳnh | ||
| 245 | |a Xuân Quỳnh thơ và đời |c Xuân Quỳnh; Vân Long sưu tầm và tuyển chọn | ||
| 260 | |a H. |b Văn hóa |c 1995 | ||
| 300 | |a 246tr. |c 19cm | ||
| 520 | |a v....v | ||
| 653 | |a Văn học hiện đại | ||
| 653 | |a Thế kỷ20 | ||
| 653 | |a Việt Nam | ||
| 653 | |a Thơ | ||
| 653 | |a Đời sống | ||
| 942 | |2 ddc |c STK0 | ||
| 999 | |c 5979 |d 5979 | ||
| 952 | |0 0 |1 0 |2 ddc |4 0 |6 895_922134000000000_X502QU |7 0 |8 800 |9 54643 |a qbu |b qbu |c D5 |d 2015-01-07 |g 19000 |l 1 |o 895.922134 X502Qu |p 3368.C1 |r 2016-02-01 |s 2016-01-25 |w 2015-01-07 |y STK0 |0 0 |6 895_922134000000000_X502QU |0 0 |6 895_922134000000000_X502QU | ||
| 952 | |0 0 |1 0 |2 ddc |4 0 |6 895_922134000000000_X502QU |7 0 |8 800 |9 54644 |a qbu |b qbu |c D5 |d 2015-01-07 |g 19000 |o 895.922134 X502Qu |p 3368.C2 |r 0000-00-00 |w 2015-01-07 |y STK0 |0 0 |6 895_922134000000000_X502QU |0 0 |6 895_922134000000000_X502QU | ||
| 952 | |0 0 |1 0 |2 ddc |4 0 |6 895_922134000000000_X502QU |7 0 |8 800 |9 54645 |a qbu |b qbu |c D5 |d 2015-01-07 |g 19000 |l 3 |o 895.922134 X502Qu |p 3368.C3 |r 2017-01-03 |s 2016-12-20 |w 2015-01-07 |y STK0 |0 0 |6 895_922134000000000_X502QU |0 0 |6 895_922134000000000_X502QU | ||
| 952 | |0 0 |1 0 |2 ddc |4 0 |6 895_922134000000000_X502QU |7 0 |8 800 |9 54646 |a qbu |b qbu |c D5 |d 2015-01-07 |g 19000 |l 1 |o 895.922134 X502Qu |p 3368.C4 |r 2016-02-01 |s 2016-01-26 |w 2015-01-07 |y STK0 |0 0 |6 895_922134000000000_X502QU |0 0 |6 895_922134000000000_X502QU | ||
| 952 | |0 0 |1 0 |2 ddc |4 0 |6 895_922134000000000_X502QU |7 0 |8 800 |9 54647 |a qbu |b qbu |c D5 |d 2015-01-07 |g 19000 |l 3 |m 1 |o 895.922134 X502Qu |p 3368.C5 |r 2018-05-22 |s 2018-05-08 |w 2015-01-07 |y STK0 |0 0 |6 895_922134000000000_X502QU |0 0 |6 895_922134000000000_X502QU | ||
| 952 | |0 0 |1 0 |2 ddc |4 0 |6 895_922134000000000_X502QU |7 0 |8 800 |9 54648 |a qbu |b qbu |c D5 |d 2015-01-07 |g 19000 |l 1 |o 895.922134 X502Qu |p 3368.C6 |r 2016-01-28 |s 2016-01-18 |w 2015-01-07 |y STK0 |0 0 |6 895_922134000000000_X502QU |0 0 |6 895_922134000000000_X502QU | ||
| 952 | |0 0 |1 0 |2 ddc |4 0 |6 895_922134000000000_X502QU |7 0 |8 800 |9 54649 |a qbu |b qbu |c D5 |d 2015-01-07 |g 19000 |l 10 |m 2 |o 895.922134 X502Qu |p 3368.C7 |r 2018-01-18 |s 2018-01-11 |w 2015-01-07 |y STK0 |0 0 |6 895_922134000000000_X502QU |0 0 |6 895_922134000000000_X502QU | ||
| 952 | |0 0 |1 0 |2 ddc |4 0 |6 895_922134000000000_X502QU |7 0 |8 800 |9 54650 |a qbu |b qbu |c D5 |d 2015-01-07 |g 19000 |l 1 |o 895.922134 X502Qu |p 3368.C8 |r 2016-11-30 |s 2016-11-24 |w 2015-01-07 |y STK0 |0 0 |6 895_922134000000000_X502QU |0 0 |6 895_922134000000000_X502QU | ||